| 000 | 02046nam a2200553 i 4500 | ||
|---|---|---|---|
| 001 | jcplb26333144 | ||
| 003 | QQ3 | ||
| 005 | 20251205035151.0 | ||
| 008 | 220208m20032021nyua 6 000 1 eng d | ||
| 020 |
_a9781681122809 _q(v. 1-2) |
||
| 020 |
_a1681122804 _q(v. 1-2) |
||
| 020 |
_a9781561635504 _q(v. 3) _q(pbk.) |
||
| 020 |
_a1561635502 _q(v. 3) _q(pbk.) |
||
| 020 |
_a9781681122823 _q(v. 4) _q(pbk.) |
||
| 020 |
_a1681122820 _q(v. 4) _q(pbk) |
||
| 040 |
_aQQ3 _beng _erda _cQQ3 |
||
| 041 | 1 |
_aeng _hfre |
|
| 082 | 0 | 4 |
_a741.5944 _222 |
| 092 | 0 |
_a741.5944 _bSFAR |
|
| 100 | 1 |
_aSfar, Joann, _eauthor. |
|
| 240 | 1 | 0 |
_aDonjon. _pZ©♭nith. _lEnglish. |
| 245 | 1 | 0 |
_aDungeon. _pZenith / _cJoann Sfar & Lewis Trondheim ; illustrated by Boulet. |
| 264 | 1 |
_aNew York : _bNBM, _c[2003-2021] |
|
| 264 | 4 | _c℗♭2003-2021. | |
| 300 |
_a4 volumes : _bcolor illustrations ; _c23-28 cm. |
||
| 336 |
_atext _2rdacontent. |
||
| 336 |
_astill image _2rdacontent. |
||
| 337 |
_aunmediated _2rdamedia. |
||
| 338 |
_avolume _2rdacarrier. |
||
| 500 | _aVolume 3 originally published in 2 books: Un mariage a part and Retour en Fanfare. | ||
| 500 | _a"Translated by Joe Johnson"--v. 4. | ||
| 505 | 0 | 0 |
_gv. 1. _tDuck heart -- _gv. 2. _tThe barbarian princess -- _gv. 3. _tBack in style -- _gv. 4. _tOutside the ramparts. |
| 520 | _aTales of a dungeon and a talking duck who works as the dungeon keeper's flunky. | ||
| 546 | _aTranslated from the French. | ||
| 650 | 0 |
_aDucks _vComic books, strips, etc. |
|
| 650 | 0 |
_aCastles _vComic books, strips, etc. |
|
| 650 | 0 |
_aDragons _vComic books, strips, etc. |
|
| 650 | 0 |
_aMonsters _vComic books, strips, etc. |
|
| 655 | 7 |
_aGraphic novels. _2lcgft. |
|
| 655 | 7 |
_aHorror comics. _2lcgft. |
|
| 655 | 7 |
_aFantasy comics. _2lcgft. |
|
| 655 | 7 |
_aHumorous comics. _2lcgft. |
|
| 655 | 7 |
_aComic books, strips, etc. _zFrance. _2local. |
|
| 700 | 1 |
_aTrondheim, Lewis, _eauthor. |
|
| 700 | 0 |
_aBoulet, _d1975- _eartist. |
|
| 700 | 1 |
_aJohnson, E. Joe _q(Edward Joe), _etranslator. |
|
| 907 | _a.b462113760 | ||
| 942 | _cBK | ||
| 999 |
_c31376 _d31374 |
||